00712nam a2200241Ia 450000500170000000800410001702000150005808200210007324500830009426000360017730000120021365000110022565000100023665000160024665000190026265000170028165000130029870000220031170000190033394200060035295200970035899900150045520250219001147.0240331s9999 xx 000 0 und d a9068321161 bBOE24600a305.4 0aWomen and Infertility in Sub-Saharan Africa:bA Multi-Disciplinary Perspective aAmsterdambKIT Publishersc2001 a285 p., aAfrica aWomen aInfertility aWomen's Health aReproduction aHIV/AIDS aBoerma, J. Teedt aMgalla, Zeedt cL 001040708LaWERCLbWERCLcSSCd2024-03-31l0o 305.4 WOMp4600r2024-03-31w2024-03-31yL c1734d1734